Longman new TOEIC

Gardado en:
Detalles Bibliográficos
Autor Principal: Hong, Terry
Formato: Libro
Idioma:Undetermined
Publicado: Thành phố Hồ Chí Minh Tổng hợp Thành phố Hồ Chí Minh 2009
Những chủ đề:
Các nhãn: Engadir etiqueta
Sen Etiquetas, Sexa o primeiro en etiquetar este rexistro!
Thư viện lưu trữ: Trung tâm Học liệu Trường Đại học Cần Thơ
LEADER 00675nam a2200193Ia 4500
001 CTU_194568
008 210402s9999 xx 000 0 und d
082 |a 428.0076 
082 |b H769 
100 |a Hong, Terry 
245 0 |a Longman new TOEIC 
245 0 |c Terry Hong ( chủ biên ) ; Lê Huy Lâm ( Chuyển ngữ phần chú giải ) 
260 |a Thành phố Hồ Chí Minh 
260 |b Tổng hợp Thành phố Hồ Chí Minh 
260 |c 2009 
650 |a English language,Rest of english,Anh ngữ,Kiểm tra tiếng Anh 
650 |x TOEIC,TOEIC 
904 |i QHieu 
980 |a Trung tâm Học liệu Trường Đại học Cần Thơ